00766nam a22001817a 4500003000900000008004100009040007100050082001800121100003300139245006500172260003300237300002800270440001900298505020200317650001600519650002000535650002900555AR-CdUCM190430b ||||| |||| 00| 0 spa d aMUNICIPALIDAD PROVINCIAL DEL CUSCOcBIBLIOTECA MUNICIPAL DEL CUSCO a335.40 /bC70 aGarcía Gallo, Gaspar Jorge aLa concepción marxista sobre la escuela y la educación / aMéxico :bGrijalbo,c1974. a166 páginas ,c19 cm. aColección 70 aContenido : Estado general de las teorías educativas en la época den que vivieron Carlos Marx y Federico Engels -- Desarrollo de las ideas sobre la educación en las obras de Marx y Engels ... aCarlos Marx aFederico Engels aPensamiento filosófico